|
|
|
|
| LEADER |
03501nam a22003973i 4500 |
| 001 |
EBC5493953 |
| 003 |
MiAaPQ |
| 005 |
20231204023214.0 |
| 006 |
m o d | |
| 007 |
cr cnu|||||||| |
| 008 |
231204s2016 xx o ||||0 eng d |
| 020 |
|
|
|a 9783110480795
|q (electronic bk.)
|
| 020 |
|
|
|z 9783110480788
|
| 035 |
|
|
|a (MiAaPQ)EBC5493953
|
| 035 |
|
|
|a (Au-PeEL)EBL5493953
|
| 035 |
|
|
|a (OCoLC)1049913880
|
| 040 |
|
|
|a MiAaPQ
|b eng
|e rda
|e pn
|c MiAaPQ
|d MiAaPQ
|
| 050 |
|
4 |
|a HC79.E5
|
| 082 |
0 |
|
|a 363.738745260913
|
| 100 |
1 |
|
|a Tiepolo, Maurizio.
|
| 245 |
1 |
0 |
|a Planning to Cope with Tropical and Subtropical Climate Change.
|
| 250 |
|
|
|a 1st ed.
|
| 264 |
|
1 |
|a Warschau/Berlin :
|b Walter de Gruyter GmbH,
|c 2016.
|
| 264 |
|
4 |
|c ©2016.
|
| 300 |
|
|
|a 1 online resource (394 pages)
|
| 336 |
|
|
|a text
|b txt
|2 rdacontent
|
| 337 |
|
|
|a computer
|b c
|2 rdamedia
|
| 338 |
|
|
|a online resource
|b cr
|2 rdacarrier
|
| 505 |
0 |
|
|a Intro -- Acknowledgments -- 1 Planning the Adaptation to Climate Change in Cities: an Introduction -- 2 Climate Change Characterisation and Planning in Large Tropical and Subtropical Cities -- 3 Extreme Events Assessment Methodology as a Tool for Engineering Adaptation Measures - Case Study of North Coast of São Paulo State (SP), Brazil -- 4 Vulnerability and Resilience to Drought in the Chaco, Paraguay -- 5 Characterization of Flood Hazard at a Municipal Level. A Case Study in Tillabéri Region, Niger -- 6 Sensitivity of Dar Es Salaam Coastal Aquifer to Climate Change with Regard to Seawater Intrusion and Groundwater Availability -- 7 Impact of the Construction of an Offshore Highway on the Sea-Spray Dynamics in La Reunion Island -- 8 Early Warning Systems & -- Geomatics: Value-added Information in the Absence of High Resolution Data -- 9 Planning the Adaptation of Coastal Cities to Climate Change: a Review of 14 Pilot Projects -- 10 National and Local Contingency Planning: a Comparative Analysis of Plans in Africa and Latin America -- 11 Measures of Adaptation and Community-based Water Management in Mékhé, Senegal -- 12 Flood Risk Preliminary Mapping in Niamey, Niger -- 13 Flood Risk Assessment at Municipal Level in the Tillabéri Region, Niger -- 14 Drought Risk in the Tillabery Region, Niger -- 15 Climate Change Adaptation Through Urban Planning: a Proposed Approach for Dar Es Salaam, Tanzania -- 16 Climate Change Adaptation in Dar es Salaam: Local Government Opinions and Proposed Interventions -- 17 Household Level Vulnerability to Climate Change in Nepal - A Comparison of a Semi-urban and a Rural Village Development Committee -- 18 Weather Observation Network and Climate Change Monitoring in Catalonia, Spain -- 19 Assessing flood risk in Zurich, Switzerland: the KR-RRA approach.
|
| 505 |
8 |
|
|a 20 Flood Risk Assessment and Quantification in the Piedmont Region, Italy -- 21 Conclusion.
|
| 588 |
|
|
|a Description based on publisher supplied metadata and other sources.
|
| 590 |
|
|
|a Electronic reproduction. Ann Arbor, Michigan : ProQuest Ebook Central, 2023. Available via World Wide Web. Access may be limited to ProQuest Ebook Central affiliated libraries.
|
| 655 |
|
4 |
|a Electronic books.
|
| 776 |
0 |
8 |
|i Print version:
|a Tiepolo, Maurizio
|t Planning to Cope with Tropical and Subtropical Climate Change
|d Warschau/Berlin : Walter de Gruyter GmbH,c2016
|z 9783110480788
|
| 797 |
2 |
|
|a ProQuest (Firm)
|
| 856 |
4 |
0 |
|u https://ebookcentral.proquest.com/lib/matrademy/detail.action?docID=5493953
|z Click to View
|